Public economics : (Record no. 9194)

MARC details
000 -LEADER
fixed length control field 00507cam a2200205ua 4500
001 - CONTROL NUMBER
control field 10206
005 - DATE AND TIME OF LATEST TRANSACTION
control field 20260515114603.0
008 - FIXED-LENGTH DATA ELEMENTS--GENERAL INFORMATION
fixed length control field 171011n ii |||gr||||Z||||||asm
020 ## - INTERNATIONAL STANDARD BOOK NUMBER
International Standard Book Number 9789382030393
040 ## - CATALOGING SOURCE
Transcribing agency MAIN
041 ## - LANGUAGE CODE
Language code of text/sound track or separate title asm
082 ## - DEWEY DECIMAL CLASSIFICATION NUMBER
Classification number 336
100 ## - MAIN ENTRY--PERSONAL NAME
Personal name Ahmed, Rofique,
Relator term Author.
245 ## - TITLE STATEMENT
Title Public economics :
Remainder of title policy issues (A) /
Statement of responsibility, etc. By Rofique Ahmed .
250 ## - EDITION STATEMENT
Edition statement 4th ed.
260 ## - PUBLICATION, DISTRIBUTION, ETC.
Place of publication, distribution, etc. Jorhat:
Name of publisher, distributor, etc. Unika prakashan,
Date of publication, distribution, etc. 2016.
300 ## - PHYSICAL DESCRIPTION
Extent 416p.
653 ## - INDEX TERM--UNCONTROLLED
Uncontrolled term Public finance
942 ## - ADDED ENTRY ELEMENTS (KOHA)
Koha item type Books
Holdings
Withdrawn status Lost status Damaged status Not for loan Home library Current library Shelving location Date acquired Total checkouts Full call number Barcode Date last seen Date last checked out Copy number Price effective from Koha item type
        Naharkatiya College Library Naharkatiya College Library General stacks 09/19/2020 8 336 | AHM 23919 02/22/2022 02/03/2022 3 09/19/2020 Books
        Naharkatiya College Library Naharkatiya College Library General stacks 09/19/2020 11 336 | AHM 23920 11/06/2024 09/28/2024 2 09/19/2020 Books
        Naharkatiya College Library Naharkatiya College Library General stacks 09/19/2020 12 336 | AHM 23921 08/27/2024 08/08/2024 1 09/19/2020 Books